| 000 | 00906cam a2200265 i 4500 | ||
|---|---|---|---|
| 001 | 3125271 | ||
| 003 | EG-ScBUE | ||
| 005 | 20250804083735.0 | ||
| 008 | 690923s1969 nyua f 001 0 eng d | ||
| 020 | _a0801404991 | ||
| 040 |
_aDLC _beng _erda _cDLC _dDLC _dEG-ScBUE |
||
| 082 | 0 | 4 |
_a547.1 _222 _bING |
| 100 | 1 |
_aIngold, Christopher, _cSir, _d1893- _eauthor. _97113 |
|
| 245 | 1 | 0 |
_aStructure and mechanism in organic chemistry / _cby C. K. Ingold, professor of chemistry, University College, University of London. |
| 250 | _aSecond edition. | ||
| 264 | 1 |
_aIthaca : _bCornell University Press, _c1969. |
|
| 300 |
_aix, 1266 pages : _billustrations ; _c25 cm |
||
| 336 |
_2rdacontent _atext _btxt |
||
| 337 |
_aunmediated _2rdamedia _bn |
||
| 338 |
_avolume _bnc _2rdacarrier |
||
| 500 | _aIncludes index. | ||
| 650 | 7 |
_aPhysical organic chemistry. _2BUEsh _97114 |
|
| 655 | _vReading book | ||
| 942 |
_2ddc _cBB |
||
| 999 |
_c12081 _d12081 |
||